000
00284nam a22001217a 4500
008
170616b xxu||||| |||| 00| 0 eng d
041
_a
eng
080
_a
94
100
_a
18
101
_a
SHH
245
_a
STRATEGYIN GULF INTERVENTION AGAINTS LIBERATION
_c
MEO.L
942
_2
udc
_c
BK
999
_c
17771
_d
17771